[Event "Titled Tuesday intern op 6th Aug"]
[Site "Chess.com INT"]
[Date "2019.08.06"]
[Round "6"]
[White "Reshetnikov, Alexey"]
[Black "Narayanan, Srinath"]
[Result "0-1"]
[WhiteElo "2492"]
[BlackElo "2529"]
[PlyCount "154"]
[EventDate "2019.08.06"]
[EventType "swiss (blitz)"]
[EventRounds "10"]
[EventCountry "USA"]
[SourceTitle "EXT 2021"]
[Source "ChessBase"]
[SourceDate "2020.10.23"]
[SourceVersion "1"]
[SourceVersionDate "2020.10.23"]
[SourceQuality "1"]

1. d4 Nf6 2. c4 c5 3. d5 g6 4. Nc3 Bg7 5. e4 0-0 6. Nf3 e6 7. h3 exd5 8. exd5 Re8+ 9. Be2 d6 10. 0-0 Ne4 11. Nxe4 Rxe4 12. Bd3 Re8 13. Qc2 Nd7 14. Bf4 Ne5 15. Nxe5 Bxe5 16. Bxe5 Rxe5 17. f4 Re8 18. f5 Qg5 19. Rf3 Bd7 20. Raf1 Re3 21. fxg6 fxg6 22. Qf2 Rxf3 23. Qxf3 Qe7 24. Qf6 Qe3+ 25. Rf2 Qxd3 26. Qf7+ Kh8 27. Qxd7 Qxc4 28. Rf7 Qd4+ 29. Kh1 Kg8 30. Qxb7 Re8 31. Re7 Qd1+ 32. Kh2 Rxe7 33. Qxe7 Qxd5 34. Qxa7 Qe5+ 35. Kh1 Qxb2 36. a4 c4 37. Qa8+ Kg7 38. Qa7+ Kf6 39. a5 Qa1+ 40. Kh2 Qe5+ 41. Kg1 c3 42. a6 c2 43. Qf2+ Qf5 44. Qd4+ Kf7 45. Qc4+ d5 46. Qc7+ Kf6 47. a7 Qd3 48. a8Q Qd1+ 49. Kh2 c1Q 50. Qad8+ Kf5 51. Qf8+ Ke4 52. Qce7+ Kd3 53. Qa3+ Qxa3 54. Qxa3+ Ke2 55. Qa2+ Kf1 56. Qa6+ Ke1 57. Qe6+ Kf1 58. Qf7+ Ke2 59. Qe6+ Kf2 60. Qf7+ Ke3 61. Qxh7 Qd3 62. Qh6+ Ke2 63. h4 Qf5 64. Kg3 d4 65. Qg7 d3 66. Qe7+ Kd1 67. Qa3 Qe5+ 68. Kf3 Qe2+ 69. Kg3 Qe3+ 70. Kg4 Ke2 71. Qa6 Kf2 72. Qxg6 Qg3+ 73. Kf5 Qxg6+ 74. Kxg6 d2 75. h5 d1Q 76. h6 Qd4 77. h7 Kxg2 0-1

[Event "Titled Tuesday intern op 6th Aug"]
[Site "Chess.com INT"]
[Date "2019.08.06"]
[Round "8"]
[White "Reshetnikov, Alexey"]
[Black "Pchelkin, Vladimir"]
[Result "1-0"]
[WhiteElo "2492"]
[BlackElo "1546"]
[PlyCount "89"]
[EventDate "2019.08.06"]
[EventType "swiss (blitz)"]
[EventRounds "10"]
[EventCountry "USA"]
[SourceTitle "EXT 2021"]
[Source "ChessBase"]
[SourceDate "2020.10.23"]
[SourceVersion "1"]
[SourceVersionDate "2020.10.23"]
[SourceQuality "1"]

1. d4 e5 2. dxe5 d6 3. exd6 Bxd6 4. Nf3 Nc6 5. Bg5 f6 6. Bh4 Qe7 7. e3 Bg4 8. Bb5 Nh6 9. Nbd2 0-0 10. Bxc6 bxc6 11. 0-0 Rad8 12. Qe2 Kh8 13. Bg3 Nf5 14. Bxd6 Rxd6 15. Qc4 Bh5 16. g4 Bf7 17. Qe4 Qd8 18. Qxf5 Rxd2 19. Nxd2 Qxd2 20. Rad1 Qb4 21. b3 Bg6 22. Qf4 Qa5 23. Rd7 Qxa2 24. Rfd1 Qxc2 25. Rd8 Be8 26. Qb4 Rg8 27. Qe7 h6 28. b4 Qg6 29. h3 h5 30. R1d4 Kh7 31. Qe4 hxg4 32. hxg4 c5 33. bxc5 Qxe4 34. Rxe4 Bf7 35. Rxg8 Kxg8 36. Ra4 c6 37. Rxa7 Bd5 38. Rd7 Kf8 39. Kh2 g6 40. Rd6 Ke7 41. Kg3 g5 42. f4 gxf4+ 43. exf4 Be4 44. f5 Bd5 45. Kf4 1-0

[Event "Titled Tuesday intern op 6th Aug"]
[Site "Chess.com INT"]
[Date "2019.08.06"]
[Round "7"]
[White "Taboas Rodriguez, Daniel"]
[Black "Reshetnikov, Alexey"]
[Result "0-1"]
[WhiteElo "2348"]
[BlackElo "2492"]
[PlyCount "42"]
[EventDate "2019.08.06"]
[EventType "swiss (blitz)"]
[EventRounds "10"]
[EventCountry "USA"]
[SourceTitle "EXT 2021"]
[Source "ChessBase"]
[SourceDate "2020.10.23"]
[SourceVersion "1"]
[SourceVersionDate "2020.10.23"]
[SourceQuality "1"]

1. d4 Nf6 2. Nf3 d5 3. c4 c6 4. cxd5 cxd5 5. Nc3 Nc6 6. Bf4 a6 7. Rc1 Bf5 8. e3 Rc8 9. Bd3 Bxd3 10. Qxd3 e6 11. 0-0 Be7 12. Na4 Ne4 13. Nc5 Bxc5 14. dxc5 Qa5 15. Qa3 Qxa3 16. bxa3 Na5 17. Bd6 f6 18. Nd4 Kd7 19. Rb1 Nd2 20. Rb6 Ndc4 21. Rb4 b6 0-1

[Event "Titled Tuesday intern op 2nd July"]
[Site "Chess.com INT"]
[Date "2019.07.02"]
[Round "9"]
[White "Schrik, Rachid"]
[Black "Reshetnikov, Alexey"]
[Result "0-1"]
[WhiteElo "2194"]
[BlackElo "2492"]
[PlyCount "66"]
[EventDate "2019.07.02"]
[EventType "swiss (blitz)"]
[EventRounds "10"]
[EventCountry "USA"]
[SourceTitle "EXT 2021"]
[Source "ChessBase"]
[SourceDate "2020.10.23"]
[SourceVersion "1"]
[SourceVersionDate "2020.10.23"]
[SourceQuality "1"]

1. d4 Nf6 2. c4 c6 3. Nc3 d5 4. cxd5 cxd5 5. Bf4 Nc6 6. e3 a6 7. Be2 Bf5 8. g4 Bg6 9. h4 h6 10. Bf3 e6 11. Nge2 Be7 12. Rc1 Nb4 13. Kf1 Nd3 14. Ra1 b5 15. Kg2 Nxb2 16. Qb3 Nc4 17. a4 b4 18. g5 Nd2 19. Qd1 bxc3 20. gxf6 Bxf6 21. Ng3 Nxf3 22. Qxf3 h5 23. Be5 Bxe5 24. dxe5 Rc8 25. Rhc1 Qxh4 26. Ra3 c2 27. Kg1 Qg5 28. Kf1 h4 29. Ne2 h3 30. Nf4 Be4 31. Qg3 Qxg3 32. fxg3 h2 33. Kf2 h1Q 0-1

[Event "Wch Blitz"]
[Site "St Petersburg"]
[Date "2018.12.30"]
[Round "19"]
[White "Najer, Evgeniy"]
[Black "Reshetnikov, Alexey"]
[Result "1-0"]
[WhiteElo "2670"]
[BlackElo "2492"]
[PlyCount "101"]
[EventDate "2018.12.29"]
[EventType "swiss (blitz)"]
[EventRounds "21"]
[EventCountry "RUS"]
[SourceTitle "CBM 187 Extra"]
[Source "ChessBase"]
[SourceDate "2018.11.04"]
[SourceVersion "1"]
[SourceVersionDate "2018.11.04"]
[SourceQuality "1"]

1. e4 b6 2. d4 Bb7 3. Bd3 e6 4. Nf3 c5 5. c3 Nf6 6. Qe2 Nc6 7. a3 Be7 8. 0-0 d5 9. e5 Nd7 10. b4 0-0 11. Nbd2 Bc8 12. Re1 cxd4 13. cxd4 f5 14. exf6 Nxf6 15. b5 Na5 16. Ng5 Bd6 17. Nxe6 Bxe6 18. Qxe6+ Kh8 19. Qh3 Qc8 20. Bf5 Qc7 21. Nf3 Rae8 22. Be3 Bf4 23. Bg6 Re7 24. Bxf4 Rxe1+ 25. Rxe1 Qxf4 26. Bd3 Nc4 27. a4 Ne4 28. Qh4 Qxh4 29. Nxh4 Nc3 30. Re7 Nxa4 31. Nf5 Nc3 32. Nxg7 Nxb5 33. Ne6 Rc8 34. Rxh7+ Kg8 35. Rg7+ Kh8 36. h4 Nb2 37. Bf5 Re8 38. Rh7+ Kg8 39. Rg7+ Kh8 40. Rd7 Nc3 41. Kh2 Nbd1 42. g4 Nxf2 43. g5 Nfe4 44. Rh7+ Kg8 45. Rg7+ Kh8 46. Rxa7 Nd2 47. g6 Nf3+ 48. Kg3 Nd2 49. h5 Nce4+ 50. Kf4 Nc4 51. h6 1-0

[Event "Wch Blitz"]
[Site "St Petersburg"]
[Date "2018.12.30"]
[Round "20"]
[White "Reshetnikov, Alexey"]
[Black "Jumabayev, Rinat"]
[Result "0-1"]
[WhiteElo "2492"]
[BlackElo "2602"]
[PlyCount "52"]
[EventDate "2018.12.29"]
[EventType "swiss (blitz)"]
[EventRounds "21"]
[EventCountry "RUS"]
[SourceTitle "CBM 187 Extra"]
[Source "ChessBase"]
[SourceDate "2018.11.04"]
[SourceVersion "1"]
[SourceVersionDate "2018.11.04"]
[SourceQuality "1"]

1. b3 Nf6 2. Bb2 g6 3. c4 Bg7 4. Nf3 0-0 5. e3 b6 6. Be2 Bb7 7. 0-0 e6 8. a3 c5 9. d4 Qe7 10. Nc3 Rd8 11. Qc2 d5 12. dxc5 bxc5 13. Rfd1 Nbd7 14. cxd5 exd5 15. Rac1 Rac8 16. Qb1 Nf8 17. Rd2 d4 18. exd4 Bh6 19. d5 Bxd2 20. Nxd2 Nxd5 21. Nce4 Ne6 22. Bc4 Nd4 23. Re1 Nb6 24. h4 Qxh4 25. Bxd4 Rxd4 26. Nf3 Bxe4 0-1

[Event "Wch Blitz"]
[Site "St Petersburg"]
[Date "2018.12.30"]
[Round "13"]
[White "Reshetnikov, Alexey"]
[Black "Timofeev, Artyom"]
[Result "1/2-1/2"]
[WhiteElo "2492"]
[BlackElo "2589"]
[PlyCount "51"]
[EventDate "2018.12.29"]
[EventType "swiss (blitz)"]
[EventRounds "21"]
[EventCountry "RUS"]
[SourceTitle "CBM 187 Extra"]
[Source "ChessBase"]
[SourceDate "2018.11.04"]
[SourceVersion "1"]
[SourceVersionDate "2018.11.04"]
[SourceQuality "1"]

1. d4 d5 2. Bf4 e6 3. e3 Nf6 4. c3 Bd6 5. Bg3 b6 6. Bd3 Bb7 7. Nd2 Nbd7 8. f4 Ne4 9. Ngf3 Ndf6 10. Bh4 Be7 11. 0-0 0-0 12. Bxf6 Nxf6 13. Ne5 Ne4 14. Qc2 f5 15. Nxe4 fxe4 16. Be2 c5 17. Bg4 Qd6 18. Qe2 a5 19. Rfc1 Ba6 20. Qe1 Bf6 21. Be2 Bb7 22. Bb5 Bxe5 23. fxe5 Qe7 24. Qg3 Ba6 25. Bxa6 Rxa6 26. Rf1 1/2-1/2

[Event "Wch Blitz"]
[Site "St Petersburg"]
[Date "2018.12.29"]
[Round "4"]
[White "Antipov, Mikhail Al"]
[Black "Reshetnikov, Alexey"]
[Result "1-0"]
[WhiteElo "2589"]
[BlackElo "2492"]
[PlyCount "139"]
[EventDate "2018.12.29"]
[EventType "swiss (blitz)"]
[EventRounds "21"]
[EventCountry "RUS"]
[SourceTitle "CBM 187 Extra"]
[Source "ChessBase"]
[SourceDate "2018.11.04"]
[SourceVersion "1"]
[SourceVersionDate "2018.11.04"]
[SourceQuality "1"]

1. e4 e6 2. d4 d5 3. Nd2 dxe4 4. Nxe4 Bd7 5. Nf3 Bc6 6. Bd3 Nd7 7. c3 Be7 8. Qe2 Ngf6 9. Nxf6+ Bxf6 10. Bf4 0-0 11. 0-0-0 Bd5 12. c4 Bxf3 13. Qxf3 c6 14. Bd6 Re8 15. Kb1 Nf8 16. c5 Be7 17. Bg3 Qa5 18. Be4 Qb4 19. h4 Rad8 20. Qc3 Qa4 21. Bc2 Qa6 22. Bd3 b5 23. h5 h6 24. Be4 Nd7 25. Qf3 Rc8 26. Bc2 Qb7 27. Qd3 Nf8 28. Be5 Rcd8 29. Qg3 f6 30. Bf4 Rd5 31. Bxh6 Bd8 32. Bf4 Qd7 33. h6 g5 34. Bd6 Be7 35. Bxe7 Rxe7 36. Qe3 Kh8 37. Be4 Re8 38. Bxd5 Qxd5 39. Qf3 Qxf3 40. gxf3 Ng6 41. Kc2 Nf4 42. a4 b4 43. a5 Kh7 44. Kb3 Rb8 45. a6 Ne2 46. Rd2 Nf4 47. Rdd1 Ne2 48. Kc4 Nf4 49. Ra1 Rd8 50. Rhe1 Re8 51. Ra4 Nd5 52. Rh1 Rb8 53. b3 Re8 54. Raa1 Rb8 55. Rae1 Re8 56. Re2 Nf4 57. Re4 Nd5 58. Rhe1 Nc7 59. Kxb4 Kxh6 60. Kc4 Kg6 61. f4 g4 62. R4e3 Kf5 63. Rh1 Kxf4 64. Rh7 Nd5 65. Re1 Rb8 66. Rb7 Rh8 67. Rxe6 Rh1 68. Rxc6 Ke4 69. Re6+ Kf3 70. Kxd5 1-0

[Event "Wch Blitz"]
[Site "St Petersburg"]
[Date "2018.12.29"]
[Round "11"]
[White "Oparin, Grigoriy"]
[Black "Reshetnikov, Alexey"]
[Result "1/2-1/2"]
[WhiteElo "2613"]
[BlackElo "2492"]
[PlyCount "172"]
[EventDate "2018.12.29"]
[EventType "swiss (blitz)"]
[EventRounds "21"]
[EventCountry "RUS"]
[SourceTitle "CBM 187 Extra"]
[Source "ChessBase"]
[SourceDate "2018.11.04"]
[SourceVersion "1"]
[SourceVersionDate "2018.11.04"]
[SourceQuality "1"]

1. Nf3 d5 2. g3 Nf6 3. Bg2 c6 4. 0-0 Bf5 5. c4 e6 6. cxd5 exd5 7. d3 Be7 8. Nc3 0-0 9. Qb3 Qb6 10. Qc2 h6 11. e4 dxe4 12. dxe4 Bh7 13. Be3 Qa6 14. Rfd1 Nbd7 15. a3 b6 16. Nd4 Rac8 17. h3 Rfe8 18. Nf5 Bxf5 19. exf5 Bc5 20. Bxc5 Nxc5 21. Rd4 Ncd7 22. Rad1 Ne5 23. Qb3 b5 24. a4 Rb8 25. axb5 cxb5 26. Rb4 Qc8 27. Rxb5 Rxb5 28. Qxb5 Nc4 29. Nd5 Nxd5 30. Bxd5 Nd6 31. Qa4 Qxf5 32. Bg2 Rd8 33. Qxa7 Qc2 34. Qa1 Qc5 35. Qc1 Qb4 36. Qc3 Qb6 37. b4 Rb8 38. Qe5 Nc4 39. Qf4 Qxb4 40. Rd7 Qb1+ 41. Kh2 Rf8 42. Bd5 Nb6 43. Rxf7 Rxf7 44. Qxf7+ Kh7 45. Bg2 Qg6 46. Qe7 Kg8 47. Qd8+ Kh7 48. Qd4 Kg8 49. Be4 Qf6 50. Qe3 Nd7 51. Bd5+ Kh8 52. Qe8+ Nf8 53. Kg2 Qf5 54. Be4 Qf6 55. h4 g5 56. h5 Kg7 57. Qb5 Qe6 58. Qb7+ Qd7 59. Qb2+ Kg8 60. Qf6 Qg7 61. Bd5+ Kh8 62. Qf5 Nd7 63. Be6 Nf6 64. g4 Qb7+ 65. Kh2 Qc7+ 66. Kh3 Qc3+ 67. f3 Qa1 68. Kg2 Qb2+ 69. Kg3 Qa1 70. Kf2 Qd4+ 71. Ke2 Qb2+ 72. Ke3 Qc3+ 73. Ke2 Qb2+ 74. Kd3 Qb1+ 75. Kd4 Qb2+ 76. Kc5 Qc3+ 77. Kd6 Qb4+ 78. Kc7 Qe7+ 79. Kc6 Qe8+ 80. Kd6 Kg7 81. Bd5 Qb8+ 82. Kc5 Qa7+ 83. Kc4 Qa2+ 84. Kd4 Qd2+ 85. Kc5 Qa5+ 86. Kc4 Qa2+ 1/2-1/2